[Event "GER-chT Nord-Ost U20 U20 1112"]
[Site "Germany"]
[Date "2012.03.10"]
[Round "7.4"]
[White "Celmer, Ole"]
[Black "Lange, Georg"]
[Result "1-0"]
[WhiteElo "1779"]
[BlackElo "1410"]
[PlyCount "45"]
[EventDate "2011.09.24"]
[EventType "team-tourn"]
[EventRounds "9"]
[EventCountry "GER"]
[SourceTitle "EXT 2015"]
[Source "ChessBase"]
[SourceDate "2014.11.20"]
[SourceVersion "1"]
[SourceVersionDate "2014.11.20"]
[SourceQuality "1"]

1. e4 b6 2. Nf3 Bb7 3. Nc3 e6 4. d4 Bb4 5. Bd3 Nf6 6. Qe2 0-0 7. 0-0 Nc6 8. a3 Be7 9. Re1 Re8 10. h3 d6 11. Be3 Nd7 12. Rad1 Bf6 13. Nb1 Ne7 14. c4 c6 15. e5 dxe5 16. dxe5 Nxe5 17. Nxe5 Qc7 18. Ng4 Be5 19. Nxe5 Qxe5 20. Nc3 c5 21. Qg4 Nc6 22. Bg5 Qc7 23. Bf6 1-0